'J' Food Pictures Quiz Stats

Quiz Updated Oct 1, 2016

Also try: 'E' Food Pictures
Challenge
Share
Tweet
Score 0/9 Timer 04:00
9 Plays Today
Food % Correct
Jelly Beans
96.4%
Jalapeño Peppers
94.1%
Jerky
76%
Jambalaya
69.5%
Jawbreakers
64.1%
Juniper Berries
55.5%
Jícama
37.6%
Jackfruit
28.3%
Johnnycake
18.8%

You're not logged in!

Compare scores with friends on all Sporcle quizzes.
Sign Up with Email
OR
Log In

You Might Also Like...

Show Comments

Extras

Top Quizzes Today


Score Distribution

Your Account Isn't Verified!

In order to create a playlist on Sporcle, you need to verify the email address you used during registration. Go to your Sporcle Settings to finish the process.